Sugerencias para la clase de matemática /
Guardado en:
| Autor Principal: | |
|---|---|
| Formato: | Libro |
| Publicado: |
Buenos Aires :
Aique,
1996
|
| Edición: | 2a. ed. |
| Series: | Ciencia + docencia
|
| Materias: | |
| Etiquetas: |
Agregar Etiqueta
Sin Etiquetas, Sea el primero en etiquetar este registro!
|
| LEADER | 00960nam a22002655a 4500 | ||
|---|---|---|---|
| 001 | CEM.cems009635 | ||
| 005 | 20080725103735.0 | ||
| 008 | 130507s1996##################000#0#####d | ||
| 003 | CEMS | ||
| 020 | |a 9507013423 | ||
| 082 | 0 | 4 | |a 372.7 |
| 100 | 1 | |a Villella, José A. | |
| 245 | 1 | 0 | |a Sugerencias para la clase de matemática / |c José A. Villella |
| 250 | |a 2a. ed. | ||
| 260 | |a Buenos Aires : |b Aique, |c 1996 | ||
| 300 | |a 191 p. | ||
| 490 | 0 | |a Ciencia + docencia | |
| 500 | |a Red Federal de Formación Docente Continua | ||
| 505 | 0 | |a De los fundamentos de la didáctica -- Acerca del espacio -- Acerca del número -- Sobre la proporcionalidad -- De la estadística y la probabilidad | |
| 653 | |a Didáctica de la matemática | ||
| 653 | |a Educación | ||
| 653 | |a Matemática | ||
| 653 | |a Matemática-didáctica de la | ||
| 859 | |a CEMS |b BIB. CEMS - 11 de abril |h 372.7 |i V715 |p 19838.98 |t Ej.1 | ||
| 859 | |a CEMS |b BIB. CEMS - 11 de abril |h 372.7 |i V715 |p 21514.01 |t Ej.2 | ||
